Statistics for Top 15 cities with most skyscrapers!!

Click here to take the quiz!

General Stats

  • This quiz has been taken 26 times
  • The average score is 10 of 15

Answer Stats

HintAnswer% Correct
303 skyscrapers / most populated city in the USNew York City
100%
241 skyscrapers / home to the world's tallest buildingDubai
93%
546 skyscrapers / seceded from china in 1997Hong Kong
93%
180 skyscrapers / most populated city in chinaShanghai
93%
167 skyscrapers / the most populated city in the worldTokyo
93%
134 skyscrapers / third most populated city in the USChicago
87%
109 skyscrapers / a rising city in ThailandBangkok
73%
153 skyscrapers / home to the two tallest twin towersKuala Lumpur
73%
175 skyscrapers / known as 'the city of flowers'Guangzhou
67%
110 skyscrapers / the capital of IndonesiaJakarta
67%
119 skyscrapers / just completed a new supertall skyscraperWuhan
67%
351 skyscrapers / home to the ping-an finance centreShenzhen
47%
113 skyscrapers / known as the home of China's giant pandasChengdu
40%
140 skyscrapers / home to the Raffles' PlaceChongqing
33%
97 skyscrapers / can also be called 'Mukden'Shenyang
20%

Score Distribution

Percentile by Number Answered

Percent of People with Each Score

Your Score History

You have not taken this quiz